MARC

Tag First Indicator Second Indicator Subfields
LEADER 00000cam a2200000 a 4500
001 in00000005748
005 20150927173030.0
008 990819s1999 gaua b f000 0 eng d
035 |a (OCoLC)42197451 
035 |9 AJJ6631AM 
040 |a GPO  |c GPO  |d DLC  |d MvI  |d UtOrBLW 
043 |a n-us-oh 
049 |a UDOC 
074 |a 0499-F-16 
086 0 |a HE 20.7125/2:97-0177-2727 
245 0 0 |a Social Security Administration, Batavia, Ohio. 
264 1 |a [Atlanta, Ga.] :  |b U.S. Dept. of Health and Human Services, Public Health Service, Centers for Disease Control and Prevention, National Institute for Occupational Safety and Health ;  |c [1999] 
264 2 |a [Springfield, Va.] :  |b [National Technical Information Service, distributor], 
300 |a iii, 21 pages :  |b illustrations ;  |c 28 cm. 
336 |a text  |b txt  |2 rdacontent 
337 |a unmediated  |b n  |2 rdamedia 
338 |a volume  |b nc  |2 rdacarrier 
490 1 |a NIOSH health hazard evaluation report ;  |v HETA 97-0177-2727 
500 |a Shipping list number: 99-0309-P. 
500 |a "February 1999"--P. iii. 
504 |a Includes bibliographical references (pages 9-11). 
610 1 0 |a United States.  |b Social Security Administration  |x Buildings. 
650 0 |a Indoor air pollution  |z Ohio  |z Batavia. 
650 0 |a Sick building syndrome  |z Ohio  |z Batavia. 
650 0 |a Industrial hygiene  |z Ohio  |z Batavia. 
710 2 |a National Institute for Occupational Safety and Health. 
830 0 |a NIOSH health hazard evaluation report ;  |v HETA 97-0177-2727. 
999 |a MARS 
999 f f |s f07da5c7-c036-3dad-b584-ab7f5a8c679a  |i 77f44b66-4b9d-3eac-95a3-365b02b86ae3  |t 0 
952 f f |p normal  |a Texas A&M University  |b College Station  |c Sterling C. Evans Library  |d Evans: US Documents (Annex 5th floor)  |t 0  |e HE 20.7125/2:97-0177-2727  |h Superintendent of Documents classification  |i unmediated -- volume  |m A14826676630 
998 f f |a HE 20.7125/2:97-0177-2727  |t 0  |l Evans: US Documents (Annex 5th floor)